00853nam a2200253Ia 4500003000900000008004100009020001800050040001600068080001500084100002400099245010000123260003500223300001600258490003500274650004100309650002200350650002500372700002600397700002500423700002700448942000700475999001500482952010200497IN-BaIIA211028s9999 xx 000 0 eng d a0-306-41097-4 cIIA Library a52-47bBUR aBurke, P. G.910704 0aAtoms in astrophysicscP. G. Burke…[et al.]  aNew YorkbAcademic Pressc1983 axvii, 356p. aPhysics of atoms and molecules aAstronomy and Astrophysics Thesaurus aAstrophysics9794 aAtomic Physics91547 aEissner, W. B.913370 aHummer, D. G.913371 aPercival, I. C.913372 cBK c7927d7927 00104070aBANbBANcGENd1984-08-17l0o52-47/ BURp8750r2021-11-05w1984-08-17yBKG£ 138.10